| 000 | 00556nam a22001937a 4500 | ||
|---|---|---|---|
| 003 | CEME | ||
| 005 | 20210628203150.0 | ||
| 008 | 210122b xxu||||| |||| 00| 0 eng d | ||
| 020 | _a0-618-05470-7 | ||
| 040 | _c. | ||
| 082 | _a519.5 BRA | ||
| 100 |
_aBrase, Charles Henry, Brase, Corrinne Pellillo _958011 |
||
| 245 | _aUnderstanding basic statistics, concepts and methods | ||
| 250 | _a2ND | ||
| 260 |
_aBOSTON _bHOUGHTON MIFFLIN _c2001 |
||
| 300 | _aXXV,589P | ||
| 650 |
_aBASIC STATISTICS.UNDERSTANDING BASIC STATISTICS _963723 |
||
| 942 |
_cBK _2ddc |
||
| 999 |
_c572452 _d572452 |
||